Retail truths : the unconventional wisdom of retailing /

Bibliographic Details
Main Author: Averwater, Chip
Format: Book
Language:English
Published: [Memphis, Tenn.] : ABB Press, [2012]
Edition:1st ed.
Subjects:

MARC

Tag First Indicator Second Indicator Subfields
LEADER 00000cam a2200000 a 4500
001 in00003417321
005 20151206090048.0
008 110925s2012 tnu 000 0 eng d
010 |a  2011915777 
019 |a 852832414 
020 |a 9780983979074 
020 |a 0983979073 
029 1 |a NZ1  |b 14642821 
035 |a (OCoLC)ocn756279014 
035 |a (OCoLC)756279014 
037 |b QBI 
040 |a QBX  |c QBX  |d FOLLT  |d YDXCP  |d OCLCQ  |d BTCTA  |d UtOrBLW 
049 |a TXAM 
050 4 |a HF5429  |b .A94 2012 
082 0 4 |a 658.8/7  |2 23 
100 1 |a Averwater, Chip. 
245 1 0 |a Retail truths :  |b the unconventional wisdom of retailing /  |c Chip Averwater. 
250 |a 1st ed. 
264 1 |a [Memphis, Tenn.] :  |b ABB Press,  |c [2012] 
264 4 |c ©2012 
300 |a xiii, 381 pages ;  |c 22 cm. 
336 |a text  |b txt  |2 rdacontent 
337 |a unmediated  |b n  |2 rdamedia 
338 |a volume  |b nc  |2 rdacarrier 
650 0 |a Retail trade. 
938 |a Quality Books, Inc.  |b QUAL  |n qbi11600186 
938 |a YBP Library Services  |b YANK  |n 10857589 
938 |a Baker and Taylor  |b BTCP  |n BK0013599328 
947 |a A14839864828 
945 |a PromptCat  |b 540485 
946 |a west,stk 
994 |a 92  |b TXA 
948 |a Cataloged  |b h  |c 2013/11/20  |d c  |e EGrant 
999 |a MARS 
999 f f |s e2296ae7-cb25-39f1-9087-c213ea6d63a8  |i 7d942244-5c54-3d44-beba-d24fda68281d  |t 0 
952 f f |p ric  |a Texas A&M University  |b Rellis Campus  |c Joint Library Facility  |d Remote Storage  |t 0  |e HF5429 .A94 2012  |h Library of Congress classification  |i unmediated -- volume  |m A14839864828 
998 f f |a HF5429 .A94 2012  |t 0  |l Remote Storage